00229nam a2200097Ia 4500008004100000050001800041245002600059260001700085300001400102650001500116151021s9999 xx 000 0 und d aJN 1005 2007  a_Election manual ECK  aNairobi ECK  aiv,105p.  a_Election